[Event "RUS-Cup3"]
[Site "Omsk"]
[Date "1996.??.??"]
[Round "6"]
[White "Shcherbakov, Ruslan"]
[Black "Burmakin, Vladimir"]
[Result "0-1"]
[WhiteElo "2555"]
[BlackElo "2505"]
[Annotator "Notkin,M"]
[PlyCount "89"]
[EventDate "1996.12.13"]
[EventType "swiss"]
[EventRounds "9"]
[EventCountry "RUS"]
[SourceTitle "CBM 057"]
[Source "ChessBase"]
[SourceDate "1997.04.01"]
[SourceVersion "1"]
[SourceVersionDate "1997.04.01"]
[SourceQuality "1"]

1. Nf3 d5 2. g3 c6 3. Bg2 Bg4 4. O-O Nf6 5. d4 Nbd7 6. Nbd2 e6 7. Re1 Be7 8. e4
dxe4 (8... O-O 9. c3 Rc8 (9... c5 10. exd5 Nxd5 11. Nc4 Rc8 12. Ne3 Nxe3 13.
Bxe3 Nf6 (13... Nb6 14. dxc5 Qxd1 15. Raxd1 Bxc5 16. Bc1 Nd5 17. h3 Bh5 18. g4
Bg6 19. Ne5 $16 {Speelman,J-Campora,D/Mota del Cuervo/1995/0,5/46/}) 14. Qb3
$14 {Speelman,J-Rublevsky,S/Moscow/1994/1-0/57/}) (9... b5 10. a4 (10. e5 Ne8
11. h3 Bh5 12. g4 Bg6 13. Nf1 c5 14. Ng3 Rc8 $13 {Hawelko,M-Rausis,I/Lublin/
1993/0-1/}) 10... a6 11. h3 Bh5 12. Qe2 Qb6 $2 (12... Qb8) 13. a5 Qd8 14. e5
Ne8 15. b4 $16 {Speelman,J-De la Villa Garcia,J/London/1994/1-0/36/}) 10. b4 (
10. e5 Ne8 11. Nf1 c5 12. h4 cxd4 13. cxd4 Bh5 14. Bd2 Rc6 15. Bh3 $6 Qb6 16.
Bc3 f5 $15 {Schekachev,A-Solozhenkin,E/Avoine/1995/0-1/36/}) 10... a5 11. a3
Ra8 12. Bb2 Nb6 13. e5 Ne8 14. Qb3 axb4 15. axb4 Nc7 $10 {Speelman,J-Chernin,A/
New York/1995/0,5/37/}) 9. Nxe4 O-O (9... Nxe4 10. Rxe4 Nf6 (10... Bh5 11. c3
O-O 12. Qb3 Qb6 13. Re1 Bxf3 14. Bxf3 Bd6 15. Be3 Qc7 16. Rad1 Rfe8 17. Qc2
Rad8 18. Bg2 Nf6 19. c4 $14 {Giorgadze,G-Burmakin,V/St-Petersburg/1996/1-0/138/
}) 11. Re1 O-O 12. c3 Qd7 (12... a5 13. h3 Bxf3 14. Qxf3 Qb6 15. Rb1 Rfd8 16.
Be3 Nd5 $10 {Speelman,J-Novikov,I/Calcutta/1996/0,5/26/}) 13. Qb3 Bxf3 14. Bxf3
Rfe8 15. Bd2 a5 16. a4 Nd5 $10 {Speelman,J-Slobodjan,R/Calcutta/1996/0,5/29/})
10. c3 Qb6 (10... Re8 11. Qb3 Nxe4 12. Rxe4 Bf5 13. Re1 Qb6 14. Nd2 Bd3 15. Nc4
Qa6 16. Ne3 Nb6 $10 {Dizdarevic,E-Petran,Pal/Lyons/1994/0,5/41/}) (10... a5 11.
Nxf6+ Bxf6 12. Qb3 Qb6 13. Qxb6 Nxb6 14. Ne5 Bxe5 15. Rxe5 a4 16. Bf1 $14 {
Schekachev,A-Krivosheya,S/Paris/1995/1-0/51/}) 11. Ned2 $6 (11. Nxf6+ Bxf6 12.
Qb3 a5 13. Bf4 (13. Qxb6 Nxb6 14. Ne5 $14) 13... Bf5 14. Bd6 Rfc8 15. Ne5 $14 {
Drasko,M-Blagojevic,D/Podgorica/1996/1-0/64/}) 11... c5 12. Nc4 Qa6 13. Qb3 (
13. Ne3 Bxf3 (13... Bh5 14. Nf5 $14) 14. Qxf3 (14. Bxf3 cxd4 15. Qxd4 Rfd8 {
ףd4/}) 14... cxd4 15. cxd4 Rab8 $10) 13... cxd4 14. cxd4 (14. Nxd4 Nc5 15. Qb5
Qxb5 16. Nxb5 Nd3 17. Re3 Rad8 $15) 14... Rac8 15. Nfe5 (15. Ne3 Bxf3 16. Bxf3
Nb6 17. Nf5 Nfd5 $15) 15... b5 16. Ne3 Bh5 17. Nxd7 Nxd7 18. Bd2 Bf6 19. Bc3
Qb6 20. a4 Bxd4 21. axb5 $6 (21. Bxd4 Qxd4 22. axb5 Nc5 23. Qc3 $10) 21... Bxc3
22. bxc3 Nc5 23. Qc4 $2 (23. Qa2 Qxb5 24. Qxa7 Qd3 $15) 23... Bg6 24. Bc6 (24.
Qa2) 24... a6 $1 $17 25. Qe2 Bd3 26. Nc4 Qc7 27. Qa2 axb5 28. Ne5 (28. Bxb5 Ne4
) 28... Bc4 29. Nxc4 bxc4 30. Be4 Nb3 31. Rad1 Rfd8 32. Bc2 (32. Qc2 $142)
32... Ra8 33. Qb2 g6 34. Rxd8+ Rxd8 35. Rd1 (35. Bxb3 Rb8 {/\cb3/}) 35... Rxd1+
36. Bxd1 Qd6 37. Be2 Qd5 38. Qb1 (38. Qa3) 38... Kg7 39. Qd1 Kf6 40. Bf3 Qd2 $1
41. Be2 (41. Qxd2 Nxd2 42. Be2 Ke5 {/\Kd5,Nb1/}) 41... Qxc3 $19 42. Qf1 Kg7 43.
h4 (43. Bxc4 Nd2) 43... h5 44. Kh2 Qd4 45. Kh3 0-1

[Event "Redbus KO"]
[Site "Southend"]
[Date "1999.07.25"]
[Round "4.3"]
[White "Plaskett, H James"]
[Black "Lalic, Bogdan"]
[Result "1/2-1/2"]
[WhiteElo "2510"]
[BlackElo "2550"]
[Annotator "Pein,M"]
[PlyCount "39"]
[EventDate "1999.04.??"]
[EventType "k.o."]
[EventRounds "4"]
[EventCountry "ENG"]
[SourceTitle "CBM 071"]
[Source "ChessBase"]
[SourceDate "1999.08.01"]
[SourceVersion "1"]
[SourceVersionDate "1999.08.01"]
[SourceQuality "1"]

{The Plaskett-Lalic match saw a draw in game one and a win with black for
Plaskett in game two when he emerged from the opening with a technically won
endgame which he converted. There was live coverage including commentary and
webcam.} 1. d4 {The time limit is 100 minutes to start and 30 seconds extra
per move} d5 2. Nf3 Nf6 3. Bf4 {A little wrinkle that set Lalic thinking.} e6
4. e3 c5 5. c4 a6 {Waiting for the Bf1 to move and then intending dxc4 and b5}
6. Nc3 dxc4 7. Bxc4 b5 8. Bb3 Bb7 9. O-O Be7 10. Qe2 Nbd7 11. Rfd1 cxd4 12.
exd4 {We have a QGA position but one where the bishop on f4 is not optimally
placed} Nb6 13. Rac1 O-O 14. Ne5 (14. Nxb5 Nbd5 15. Bc7 Qd7 {Wins}) 14... Nbd5
{White has to work to equalise - Plaskett} 15. Bg5 Nxc3 16. bxc3 Bd5 {
Exchanging pieces and ending all White's dreams of an attack.} 17. c4 bxc4 18.
Bxc4 {White has counterplay against c6 and this compensates for the IQP} h6 19.
Bxd5 Qxd5 20. Bxf6 {And after 20...Bxf6 21.Rc5 Qd6 there is little to play for
eg 22.Rc6 Qd5 23.Rc5 etc} 1/2-1/2

[Event "RUS-Cup4"]
[Site "Perm"]
[Date "1997.02.10"]
[Round "3"]
[White "Kholmov, Ratmir D"]
[Black "Shcherbakov, Ruslan"]
[Result "0-1"]
[WhiteElo "2465"]
[BlackElo "2580"]
[Annotator "Petursson,M"]
[PlyCount "22"]
[EventDate "1997.02.02"]
[EventType "swiss"]
[EventRounds "9"]
[EventCountry "RUS"]
[SourceTitle "CBM 058"]
[Source "ChessBase"]
[SourceDate "1997.06.01"]
[SourceVersion "1"]
[SourceVersionDate "1997.06.01"]
[SourceQuality "1"]

1. d4 d5 2. Nf3 c6 3. e3 Bf5 4. Nbd2 e6 5. c4 Nd7 6. b3 h6 7. Bb2 Ngf6 8. Be2
Bd6 9. Ne5 Ne4 10. Nxe4 Bxe4 11. Nxd7 $4 (11. O-O Qg5 12. Nf3) 11... Bxg2 ({
[%tqu "En","IS THERE A WINNING MOVE INTERMEDIATE MOVE HERE?","It's not a
recapture on d7","Take the pawn that is hanging and create a deadly double
threat","e4g2","CORRECT!!  You are winning!",10]} 11... Bxg2 $1 {Because:} 12.
Rg1 {[%tqu "En","Now, show the point","","","d6b4","",3]} Bb4+ 13. Qd2 Bxd2+)
0-1

[Event "Sautron op 13th"]
[Site "Sautron"]
[Date "2013.10.28"]
[Round "3"]
[White "Burmakin, Vladimir"]
[Black "Drasko, Milan"]
[Result "1-0"]
[WhiteElo "2581"]
[BlackElo "2451"]
[Annotator "Primel,D"]
[PlyCount "119"]
[EventDate "2013.10.26"]
[EventType "swiss"]
[EventRounds "9"]
[EventCountry "FRA"]
[SourceTitle "EXT 2014"]
[Source "ChessBase"]
[SourceDate "2013.11.20"]
[SourceVersion "1"]
[SourceVersionDate "2013.11.20"]
[SourceQuality "1"]
[TimeControl "40/5400+30:1800+30"]
[WhiteClock "1:30:00"]
[BlackClock "1:30:00"]

1. d4 {[%emt 0:00:00]} e6 {[%emt 0:00:00]} 2. g3 {[%emt 0:00:00]} d5 {[%emt 0:
06:43]} 3. Nf3 {[%emt 0:00:00]} b5 $1 {[%emt 0:06:20][%csl Gc4]} (3... Nf6 4.
Bg2 b5 5. O-O Nbd7 6. a4 b4 7. c4 bxc3 8. Nxc3 Be7 9. Bf4 a6 10. Ne5 Nxe5 11.
dxe5 Nd7 12. e4 c6 13. exd5 cxd5 14. h4 O-O 15. Ne2 a5 16. Nd4 Qb6 17. Be3 Nxe5
18. Rc1 Qb4 19. Bf4 Bf6 20. Re1 Nd3 21. Nc2 Qb3 22. Re3 Nxc1 23. Rxb3 Nxb3 24.
Ne3 Nd4 25. Ng4 e5 26. Nxe5 Ne6 27. Qxd5 Ra6 28. Be3 Rd8 29. Qe4 Rad6 30. Kh2
Nd4 31. Ng4 Bxg4 32. Qxg4 g6 33. Bg5 {Wang Yue (2716)-Timofeev,A (2690) Ningbo
2010 1/2-1/2}) 4. Qd3 $5 {[%emt 0:00:37][%cal Gd3b5,Ge2e4] Un ordre de coups
trés rare} (4. Bg2 {La grande ligne}) 4... a6 $146 {[%emt 0:01:29]} (4... Ba6
5. Bg2 Nf6 6. Bg5 c5 7. c3 Nbd7 8. a4 Qb6 9. axb5 Bxb5 10. Qc2 h6 11. Be3 Ng4
12. Bc1 cxd4 13. Nxd4 Bc5 14. O-O Bxd4 15. cxd4 Qxd4 16. Nc3 Qb6 17. h3 Ngf6
18. Be3 Qb7 19. Qb3 Bc6 20. Qxb7 Bxb7 21. Rxa7 Rxa7 22. Bxa7 Ke7 23. f4 Rc8 24.
Bd4 Nc5 25. Rd1 h5 26. Bf3 g6 27. Bf2 Nfe4 28. Bxe4 Nxe4 29. Nxe4 dxe4 30. Be3
Rc2 31. Rd2 Rxd2 32. Bxd2 Kd6 33. Kf2 {1/2-1/2 (33) Alekseev,E (2691)-Galkin,A
(2597) Irkutsk 2010}) 5. e4 {[%emt 0:03:24]} dxe4 {[%emt 0:07:48]} 6. Qxe4 {
[%emt 0:00:55]} Ra7 {[%emt 0:00:05][%cal Gc8b7]} 7. Bg2 {[%emt 0:00:39]} Nf6 {
[%emt 0:00:54]} (7... Bb7 8. Qe2 Nf6 9. O-O) 8. Qe2 {[%emt 0:01:47]} c5 $1 {
[%emt 0:04:04] La partie va basculer vers une structure de sicilienne et la
Ra7 sera ensuite bien placée en c7 ou d7} 9. Be3 {[%emt 0:07:39]} cxd4 {
[%emt 0:03:05]} 10. Bxd4 $32 {[%emt 0:08:20]} Rd7 {[%emt 0:00:16]} 11. c3 {
[%emt 0:00:08]} (11. Be3 Be7 (11... Nd5 $132)) 11... Nc6 {[%emt 0:02:34]} 12.
O-O {[%emt 0:11:07]} Be7 {[%emt 0:05:14]} (12... Nxd4 13. Nxd4 Be7 14. a4 $1 {
[%csl Ra6,Rb5]}) 13. a4 $1 {[%emt 0:00:26]} b4 {[%emt 0:13:56]} 14. Ne5 {
[%emt 0:04:43]} Nxd4 $6 {[%emt 0:01:44]} (14... Nxe5 $142 15. Bxe5 bxc3 (15...
O-O) 16. Nxc3 O-O 17. Rad1 Qb6 $132 {[%csl Rb2]}) 15. cxd4 {[%emt 0:00:04]} Rc7
{[%emt 0:00:26]} 16. Bc6+ {[%emt 0:05:57]} Kf8 {[%emt 0:02:14]} (16... Nd7) 17.
Nd2 {[%emt 0:01:43]} g6 {[%emt 0:07:59]} 18. Nb3 {[%emt 0:09:57][%cal Gb3c5,
Gb3d4,Gb3a5]} Kg7 {[%emt 0:03:14]} 19. Rac1 {[%emt 0:00:24]} Bd6 {[%emt 0:08:
48]} 20. Rc4 {[%emt 0:05:11]} Qe7 {[%emt 0:07:44]} 21. Rfc1 {[%emt 0:00:27]} h5
{[%emt 0:06:39]} 22. h4 {[%emt 0:05:44]} Nd5 $6 {[%emt 0:01:50]} 23. Qf3 {
[%emt 0:02:23]} (23. Nxg6 $1 fxg6 24. Bxd5 Rxc4 (24... exd5 25. Rxc7) 25. Bxc4)
23... Nb6 {[%emt 0:00:20]} 24. R4c2 {[%emt 0:00:10]} Bxe5 {[%emt 0:05:39]} 25.
dxe5 {[%emt 0:00:14][%csl Rf6][%cal Gb3d2,Gd2e4,Ge4f6]} Rd8 {[%emt 0:00:09]}
26. a5 {[%emt 0:02:45]} (26. Nd2 Bb7 27. Bxb7 Rxb7 28. Ne4 $36 {[%csl Rg7]
[%cal Ge4f6]}) 26... Nd5 {[%emt 0:00:16]} 27. Bxd5 {[%emt 0:00:50]} Rxc2 {
[%emt 0:00:05]} 28. Rxc2 {[%emt 0:00:09]} exd5 {[%emt 0:00:05]} 29. Qf4 {
[%emt 0:00:28]} Bf5 {[%emt 0:00:23]} 30. Rc6 {[%emt 0:09:49]} Re8 {[%emt 0:00:
49]} 31. Nd4 $1 {[%emt 0:03:24]} Qxe5 {[%emt 0:00:11]} 32. Nxf5+ {[%emt 0:00:
10]} Qxf5 {[%emt 0:00:22]} 33. Qxf5 {[%emt 0:00:08]} gxf5 {[%emt 0:00:05]} 34.
Kf1 {[%emt 0:02:49]} Re6 {[%emt 0:03:59]} 35. Rb6 $1 {[%emt 0:00:08]} f4 {
[%emt 0:00:37]} 36. Rxb4 {[%emt 0:03:14]} f3 {[%emt 0:01:12][%csl Rf1]} 37. Rf4
{[%emt 0:01:58]} Re2 {[%emt 0:00:06]} 38. b3 {[%emt 0:00:11]} Ra2 {[%emt 0:00:
29]} 39. Rxf3 {[%emt 0:00:10]} Rxa5 {[%emt 0:00:05]} 40. Ke2 {[%emt 0:00:00]}
Ra2+ {[%emt 0:00:00]} 41. Kd3 {[%emt 0:00:36][%csl Gd3,Rg7] Le K Noir est
coupé et les Blancs ont une meilleure finale} a5 {[%emt 0:20:10]} 42. Rf5 {
[%emt 0:02:22]} (42. Kd4 Rd2+) 42... Kg6 {[%emt 0:01:27]} 43. Rg5+ {[%emt 0:05:
19]} Kh6 {[%emt 0:02:40]} 44. Rxd5 {[%emt 0:07:50]} a4 {[%emt 0:00:43]} (44...
Rxf2 45. Rxa5 Rf3+ 46. Kc4 Rxg3 47. Rd5 (47. b4 {[%csl Gb4]} Rg4+)) 45. Rd6+ {
[%emt 0:07:56]} Kg7 {[%emt 0:00:18]} 46. b4 $5 {[%emt 0:00:43]} (46. bxa4 {
Semble plus naturel mais le P passé est trés fort}) 46... Rxf2 {[%emt 0:00:
45]} 47. Ra6 {[%emt 0:00:28]} Rf3+ {[%emt 0:01:43]} 48. Kc4 {[%emt 0:00:08]}
Rxg3 {[%emt 0:00:26]} 49. b5 $44 {[%emt 0:00:07]} Rg4+ $2 {[%emt 0:02:23]} (
49... f5 {"Les P passés doivent être poussés "disait Aaron} 50. b6 Rb3 51.
Ra7+ Kg6 52. Kc5 a3 (52... f4) 53. b7 f4 54. Kc6 Rc3+ (54... f3 55. Rxa3 $1)
55. Kd7 Rd3+ 56. Kc7 Rc3+ 57. Kb6 f3 $11 {[%cal Gc3b3]}) 50. Kc5 {[%emt 0:00:
12]} Rxh4 {[%emt 0:00:15]} 51. b6 $44 {[%emt 0:00:26] Une position
intéressante ou la force du Pb6 est plus importante que l'avantage matériel}
Rh1 {[%emt 0:00:35]} 52. b7 {[%emt 0:08:15][%cal Ga6b6]} Rc1+ {[%emt 0:01:30]}
53. Kd6 {[%emt 0:00:05]} Rb1 {[%emt 0:00:39]} 54. Kc7 {[%emt 0:00:10]} Rxb7+ $2
$138 {[%emt 0:04:19] Il restait moins de 02 mns pour finir la partie mais un
GMI aussi expérimenté devait pouvoir gérer cette position technique} (54...
a3 $1 55. b8=Q (55. Rxa3 h4 56. b8=Q Rxb8 57. Kxb8 Kg6 58. Kc7 f5 59. Kd6 Kg5
60. Ke5 Kg4 $11) 55... Rxb8 56. Kxb8 {La différence entre les deux variantes
est le fait que le Kb8 est plus éloigné des P adverses.}) 55. Kxb7 {[%emt 0:
00:09]} h4 {[%emt 0:00:50]} 56. Rxa4 {[%emt 0:04:29]} Kf6 {[%emt 0:00:39]} 57.
Rxh4 {[%emt 0:00:14]} Ke5 {[%emt 0:00:18]} 58. Kc6 {[%emt 0:00:28]} f5 {
[%emt 0:00:04]} 59. Kc5 {[%emt 0:00:47]} f4 {[%emt 0:00:10]} 60. Kc4 {[%emt 0:
00:09]} 1-0

[Event "Olympiad-32"]
[Site "Yerevan"]
[Date "1996.09.21"]
[Round "6.2"]
[White "Nikolic, Predrag"]
[Black "Arencibia Rodriguez, Walter"]
[Result "1/2-1/2"]
[WhiteElo "2670"]
[BlackElo "2555"]
[Annotator "Psakhis,L"]
[PlyCount "53"]
[EventDate "1996.09.15"]
[EventType "team-swiss"]
[EventRounds "14"]
[EventCountry "ARM"]
[SourceTitle "CBM 055"]
[Source "ChessBase"]
[SourceDate "1996.12.01"]
[SourceVersion "1"]
[SourceVersionDate "1996.12.01"]
[SourceQuality "1"]
[WhiteTeam "Bosnia&Herzegovina"]
[BlackTeam "Cuba"]
[WhiteTeamCountry "BIH"]
[BlackTeamCountry "CUB"]

1. d4 d5 2. Nf3 Nc6 3. g3 Bf5 4. Bg2 Nb4 5. Na3 e6 6. O-O (6. c3 Nc6 (6... Na6
7. Qb3 Rb8 8. Nh4 c6 9. Nxf5 exf5 10. f3 $1 Nf6 11. O-O Be7 12. e4 fxe4 13.
fxe4 dxe4 14. Bxe4 O-O 15. Bg2 $14 {Krasenkow,M-Sobjerg,E/Copenhagen op/1996/1:
0/41/}) 7. Qb3 Rb8 8. Nh4 Bg4 9. e4 dxe4 10. Bxe4 Nf6 11. Bg5 Be7 12. Bxf6 Bxf6
13. h3 Bh5 14. Qb5 e5 $1 15. dxe5 Bxh4 $132 {Timman,J-Nogueiras,J/Yerevan olm/
1996/0,5/21/}) 6... Nf6 (6... Be7 7. c3 Na6 8. Qb3 Qc8 9. Re1 c6 10. Bg5 Be4
11. Bxe7 Nxe7 $13 {Bareev,E-Morozevich,A/RUS-ch/1995/1:0/35/}) 7. c3 (7. Nh4
Bg4 8. c4 c6 9. Nc2 Nxc2 10. Qxc2 Be7 $10) 7... Nc6 8. Qb3 Rb8 9. Nh4 $1 Bg4 (
9... Bg6 $5) 10. f3 Bh5 11. e4 Be7 (11... dxe4 12. fxe4 e5 13. d5 Bc5+ 14. Kh1
Ne7 15. Rxf6 $1 Bxa3 16. Rf1 Bd6 17. Be3 $16) 12. g4 $1 Bg6 13. g5 Nh5 (13...
Ng8 $16) 14. exd5 Bxg5 (14... Qxd5 15. Nxg6 $5 (15. Qxd5 exd5 16. Nxg6 hxg6 17.
Nb5 Kd7 18. f4 a6) 15... hxg6 16. f4 $16) 15. Nxg6 (15. Bxg5 Qxg5 16. Nxg6 hxg6
17. dxc6 Nf4 18. Qc2 $8 (18. Rf2 Nh3+ 19. Kf1 Nxf2 20. Kxf2 Rxh2 21. Rg1 Qd2+
22. Kg3 Rh5 $40) 18... Qh4 19. h3 (19. Rfe1 Qxh2+ 20. Kf1 Rh5 $132) 19... Rh5
$5 $13) 15... Bxc1 (15... hxg6 16. f4 $18) 16. Nxh8 (16. Raxc1 hxg6 17. dxc6
Nf4 18. Qc2 (18. cxb7 Qh4 $19) 18... Qh4) 16... Be3+ 17. Rf2 (17. Kh1 $2 Qh4
18. h3 Ng3+ 19. Kh2 Qf4 20. Rf2 $8 Ne4+ 21. Kg1 (21. Kh1 Nxf2+ 22. Kg1 Ne4+ 23.
Kf1 Nd2+) 21... Bxf2+ 22. Kf1 Nd2+ $19) 17... Bxf2+ (17... Nf4 $5 18. Raf1 (18.
Nc2 Bxf2+ 19. Kxf2 Qh4+ 20. Kg1 exd5) 18... Qg5 19. Kh1 Bxf2 20. Rxf2 exd5 $1)
18. Kxf2 exd5 19. c4 $1 (19. Qc2 Qh4+ 20. Kg1 Nf4) 19... Kf8 (19... Qh4+ 20.
Kf1) 20. cxd5 Qh4+ 21. Kf1 (21. Kg1 Nxd4 (21... Qxd4+ 22. Kh1 Qh4 23. Nc2 $18)
22. Qc4 (22. Qd1 $2 Re8 23. d6 Ne2+ 24. Kf1 Qxh2 $19) (22. Qb4+ Kg8 23. Qe1 Qg5
$17) 22... Re8 23. d6 (23. Qxc7 Ne2+ (23... Re1+ 24. Bf1 Ne2+ (24... Nxf3+ $2
25. Kh1 Ng3+ 26. Kg2 Qxh2+ 27. Kxf3 $18) 25. Kh1 (25. Kg2 Qg5+ 26. Kf2 Qh4+ $10
) 25... Nhg3+ 26. Kg2 Nf4+ 27. Kg1 (27. Qxf4 Qxf4 28. Rxe1 Qd2+ 29. Kxg3 Qxe1+
$19) 27... Nfe2+ 28. Kg2 Nf4+ $10) 24. Kf1 (24. Kh1 $2 Nhg3+ 25. Qxg3 Nxg3+ 26.
Kg1 Qd4#) 24... Nhg3+ $1 25. hxg3 Nxg3+ 26. Kg1 Ne2+ 27. Kf1 Ng3+ $10) 23...
Re1+ 24. Rxe1 Qxe1+ 25. Bf1 (25. Qf1 Ne2+ 26. Kh1 Nhg3+ 27. hxg3 Nxg3+ 28. Kg1
Nxf1 29. Bxf1 cxd6 $19) 25... Qe3+ 26. Kh1 Qxf3+ 27. Bg2 Qd1+ 28. Bf1 (28. Qf1
Qxf1+ 29. Bxf1 cxd6 $17) 28... Qf3+ 29. Kg1 $10) 21... Nxd4 22. Qc4 (22. Qc3
Nf5 $1 (22... Kg8 23. Nxf7 Re8 24. Qxc7 Re2 25. Qd8+ Qxd8 26. Nxd8 Nf4 27. Re1
$5) (22... Qxh2 23. Qxd4 Re8 24. Qb4+ Kg8 25. Re1 $18) 23. Qxc7 Nhg3+ $10)
22... Nf5 $3 23. Qxc7 (23. Qxh4 Nxh4 24. Bh1 (24. Rc1 Nxg2 25. Kxg2 Nf4+ 26.
Kf1 Nxd5 $17) 24... Kg8 25. Rc1 c6 $5) 23... Nhg3+ $1 24. hxg3 Nxg3+ 25. Kg1 (
25. Ke1 Re8+ (25... Nf5+ $2 26. Kd2 Qd4+ 27. Kc2 Ne3+ 28. Kb3 Qd3+ (28... Qxd5+
29. Kc3) 29. Ka4 Qa6+ 30. Qa5 Qxa5+ 31. Kxa5 Nxg2 32. d6 $16) 26. Kf2 Re2+ 27.
Kg1 Qd4+ 28. Kh2 Qh4+ 29. Kg1 Qd4+ $10) (25. Kf2 $5 Nf5+ (25... Ne4+ 26. Ke3
Qf2+ 27. Kxe4 Re8+ 28. Kd3) (25... Nh5+ 26. Kg1 (26. Ke2 Re8+ 27. Kd3 Nf4+ 28.
Kc2 Re2+ 29. Kb1 Qe1+ 30. Qc1 Nd3 $1 $19) 26... Qd4+ 27. Kh1 Qh4+ 28. Bh3 $1)
26. Kg1 (26. Ke2 Re8+ 27. Kf1 Ng3+ $10) 26... Qd4+ 27. Kh1 Qh4+ 28. Bh3 $1 (28.
Qh2 $2 Ng3+ 29. Kg1 Qd4#) 28... Qxh3+ 29. Kg1 Qg3+ 30. Qxg3 Nxg3 31. d6 $16)
25... Ne2+ 26. Kf1 Ng3+ 27. Kg1 1/2-1/2

[Event "Reggio Emilia 9697 39th"]
[Site "Reggio Emilia"]
[Date "1997.01.04"]
[Round "9"]
[White "Romanishin, Oleg M"]
[Black "Belotti, Bruno"]
[Result "1-0"]
[WhiteElo "2555"]
[BlackElo "2400"]
[Annotator "Psakhis,L"]
[PlyCount "63"]
[EventDate "1996.12.26"]
[EventType "tourn"]
[EventRounds "9"]
[EventCountry "ITA"]
[EventCategory "11"]
[SourceTitle "CBM 057"]
[Source "ChessBase"]
[SourceDate "1997.04.01"]
[SourceVersion "1"]
[SourceVersionDate "1997.04.01"]
[SourceQuality "1"]

1. d4 Nf6 2. Nf3 e6 3. g3 c5 4. Bg2 d5 5. O-O cxd4 6. Nxd4 e5 7. Nb3 a5 $6 {N/}
(7... Be6 8. Nc3 Be7 (8... h6 9. f4 $1 exf4 10. gxf4 g6 11. e4 Qb6+ (11... Nxe4
$5 12. Nxe4 dxe4 13. Qxd8+ Kxd8 14. Bxe4 Nc6 $14) 12. Kh1 dxe4 13. Qe1 $1 Bb4
14. Be3 Qd8 15. Rd1 {1-0 Chernin,A-Horvath,Jo/Osterreich 1995 (28)}) 9. f4 e4
10. f5 Bc8 11. g4 h6 12. Bf4 Nc6 13. e3 g5 14. fxg6 Bxg4 15. gxf7+ Kxf7 16. Qd2
$36 {1/2-1/2 Krasenkov,M-Sher,M/Koszalin op 1996 (29)}) (7... Nc6 8. Bg5 Be6 9.
Nc3 d4 10. Ne4 Be7 11. Bxf6 gxf6 12. Nec5 Bc8 13. c3 dxc3 14. bxc3 $14 {
1-0 Seirawan-Kortchnoi/Monaco 1994 (42)}) 8. a4 {[%csl Rb5]} h6 9. Nc3 Be6 10.
f4 $1 {Right decision! White attaks centre before black finished development.}
exf4 (10... e4 11. f5 Bc8 12. Nb5 $16) 11. gxf4 g6 ({Interesting complications
could be raised after} 11... Qd7 12. f5 $1 Bxf5 13. Nxd5 Nxd5 14. Qxd5 Bxc2 (
14... Qxd5 15. Bxd5 Bg6 16. Bd2 $36) 15. Nd4 $1 Bg6 (15... Qxd5 16. Bxd5 Bg6
17. Nb5 $1 Bc5+ 18. Kg2 {[%cal Rd5f7,Rd5b7,Rb5c7]}) 16. Qe5+ Qe7 (16... Be7 17.
Qxg7 Rh7 18. Qg8+ Bf8 19. Ra3 $1 Qxd4+ 20. Re3+ $18) (16... Kd8 17. Rd1 Kc8 18.
Bf4 $18) 17. Qxe7+ Kxe7 (17... Bxe7 18. Nb5 Bc5+ 19. e3 $14) 18. Bf4 $36) 12.
Kh1 (12. e4 $5) 12... Bg7 (12... Nc6 $5) 13. Nc5 O-O 14. Nxe6 fxe6 15. e4 $1
$14 dxe4 (15... d4 16. Nb5 Nc6 17. e5 $16) 16. Qxd8 Rxd8 17. Nxe4 {White
advantage is clear now, thanks to pair of bishops.} Nbd7 (17... Nc6 18. Nc5 Nd4
19. c3 $1 Nc2 20. Ra2 $16 {[%csl Rb7,Re6]}) (17... Nxe4 18. Bxe4 Nc6 19. Bxg6
$16) 18. Nxf6+ Bxf6 (18... Nxf6 19. Bxb7 Rab8 20. Bf3) 19. Bxb7 Rab8 20. Bc6 $1
Nc5 21. Bb5 Rbc8 22. Ra3 $1 {[%cal Ra3g3] With this strong move Romanishin
minimize blacks chances for positive result.} Kf7 23. Re3 Rd4 24. c3 Rd6 25.
Re2 Nb3 (25... Rdd8 26. Rg1) 26. Be3 Bd8 27. Rg2 {[%csl Rg6]} Bb6 28. Bxb6 Rxb6
29. Rfg1 $18 Rg8 30. f5 $1 g5 31. fxe6+ Ke7 32. Rf1 1-0